Visitor's guide to Madrid and places of interest in its vicinity / (Record no. 99771)

MARC details
000 -LEADER
campo de control de longitud fija 00638nam a2200181 i 4500
001 - NÚMERO DE CONTROL
campo de control 99771
003 - IDENTIFICADOR DE NÚMERO DE CONTROL
campo de control ES-MaACL
005 - FECHA Y HORA DE LA ÚLTIMA TRANSACCIÓN
campo de control 20250823063056.0
007 - CAMPO FIJO DE DESCRIPCIÓN FÍSICA--INFORMACIÓN GENERAL
campo de control de longitud fija t|
008 - DATOS DE LONGITUD FIJA--INFORMACIÓN GENERAL
campo de control de longitud fija 050915s1958 sp ||||1| eng d
100 1# - ENTRADA PRINCIPAL--NOMBRE DE PERSONA
Nombre de persona Feduchi, Luis M.,
Fechas asociadas al nombre 1901-1975
9 (RLIN) 49083
245 10 - MENCIÓN DEL TÍTULO
Título Visitor's guide to Madrid and places of interest in its vicinity /
Mención de responsabilidad, etc. [supervision of Luis M. Feduchi; translated by John Angus Macnab].
260 ## - PUBLICACIÓN, DISTRIBUCIÓN, ETC.
Lugar de publicación, distribución, etc. Madrid :
Nombre del editor, distribuidor, etc. Afrodisio Aguado,
Fecha de publicación, distribución, etc. 1958.
300 ## - DESCRIPCIÓN FÍSICA
Extensión 278 p., lám. 1-64 :
Otras características físicas 8 gráf. pleg ;
Dimensiones 16 cm.
700 1# - ENTRADA AGREGADA--NOMBRE PERSONAL
Nombre de persona Macnab, John Angus.
9 (RLIN) 75268
852 ## - LOCALIZACIÓN
Ubicación ES-MaACL
Número de control de estantería C-14750
Sublocalización o colección R.42571
Holdings
Estatus retirado Estado de pérdida Estado de daño No para préstamo Biblioteca de origen Biblioteca actual Ubicación en estantería Fecha de adquisición Fuente de adquisición Total de préstamos Signatura topográfica completa Código de barras Visto por última vez Precio de reemplazo Tipo de ítem Koha
        Biblioteca del Ateneo de Madrid Biblioteca del Ateneo de Madrid Ficheros 17/01/2008     C-14750 1104177 23/02/2023 23/02/2023 Libro impreso